000 00423nam a2200157Ia 4500
008 240729s9999 xx 000 0 und d
022 _a2054-670X
245 0 _aPsychologica Belgica
260 _aUnited Kingdom
260 _bUbiquity Press
650 _a Psychology
650 _aPhilosophy. Psychology. Religion
856 _uhttps://doaj.org/toc/4f588925e8c44c0e9be084c38c57b55e
942 _2ddc
942 _cDOAJEJ
999 _c72612
_d72612
945 _a1
_bMadushi Gamage
_c1
_dMadushi Gamage